| 000 -LEADER |
| fixed length control field |
02138cam a22004334a 4500 |
| 001 - CONTROL NUMBER |
| control field |
13779007 |
| 003 - CONTROL NUMBER IDENTIFIER |
| control field |
NUST |
| 005 - DATE AND TIME OF LATEST TRANSACTION |
| control field |
20181030105447.0 |
| 008 - FIXED-LENGTH DATA ELEMENTS--GENERAL INFORMATION |
| fixed length control field |
041110s2005 caua bf 001 0 eng |
| 010 ## - LIBRARY OF CONGRESS CONTROL NUMBER |
| LC control number |
2004026722 |
| 020 ## - INTERNATIONAL STANDARD BOOK NUMBER |
| International Standard Book Number |
078797160X (alk. paper) |
| 038 ## - RECORD CONTENT LICENSOR |
| Staff Name |
Arshad |
| 040 ## - CATALOGING SOURCE |
| Original cataloging agency |
DLC |
| Transcribing agency |
DLC |
| Modifying agency |
DLC |
| 042 ## - AUTHENTICATION CODE |
| Authentication code |
pcc |
| 050 00 - LIBRARY OF CONGRESS CALL NUMBER |
| Classification number |
HM751 |
| Item number |
.I24 2005 |
| 082 00 - DEWEY DECIMAL CLASSIFICATION NUMBER |
| Classification number |
302.35 |
| Author Mark |
IAF |
| 245 04 - TITLE STATEMENT |
| Title |
The IAF handbook of group facilitation : |
| Remainder of title |
best practices from the leading organization in facilitation / |
| Statement of responsibility, etc. |
Sandy Schuman, editor. |
| 246 3# - VARYING FORM OF TITLE |
| Title proper/short title |
International Association of Facilitators handbook of group facilitation |
| 246 30 - VARYING FORM OF TITLE |
| Title proper/short title |
Handbook of group facilitation |
| 246 30 - VARYING FORM OF TITLE |
| Title proper/short title |
Best practices from the leading organization in facilitation |
| 260 ## - PUBLICATION, DISTRIBUTION, ETC. |
| Place of publication, distribution, etc. |
San Francisco : |
| Name of publisher, distributor, etc. |
Jossey-Bass, |
| Date of publication, distribution, etc. |
2005. |
| 300 ## - PHYSICAL DESCRIPTION |
| Extent |
xxxiv, 664 p. : |
| Other physical details |
ill. ; |
| Dimensions |
24 cm. + |
| Accompanying material |
1 CD-ROM (4 3/4 in.) |
| 440 #4 - SERIES STATEMENT/ADDED ENTRY--TITLE |
| Title |
The Jossey-Bass business & management series |
| 9 (RLIN) |
4076 |
| 504 ## - BIBLIOGRAPHY, ETC. NOTE |
| Bibliography, etc. note |
Includes bibliographical references and indexes. |
| 538 ## - SYSTEM DETAILS NOTE |
| System details note |
System requirements: IBM-compatible PC with Microsoft Windows 98SE or later, or Macintosh with Apple OS version 8.6 or later; CD-ROM drive. |
| 650 #0 - SUBJECT ADDED ENTRY--TOPICAL TERM |
| Topical term or geographic name entry element |
Group facilitation |
| Form subdivision |
Handbooks, manuals, etc. |
| 9 (RLIN) |
12385 |
| 650 #0 - SUBJECT ADDED ENTRY--TOPICAL TERM |
| Topical term or geographic name entry element |
Group decision-making |
| Form subdivision |
Handbooks, manuals, etc. |
| 9 (RLIN) |
12386 |
| 650 #0 - SUBJECT ADDED ENTRY--TOPICAL TERM |
| Topical term or geographic name entry element |
Consensus (Social sciences) |
| Form subdivision |
Handbooks, manuals, etc. |
| 9 (RLIN) |
12387 |
| 650 #0 - SUBJECT ADDED ENTRY--TOPICAL TERM |
| Topical term or geographic name entry element |
Conflict management |
| Form subdivision |
Handbooks, manuals, etc. |
| 9 (RLIN) |
12388 |
| 650 #0 - SUBJECT ADDED ENTRY--TOPICAL TERM |
| Topical term or geographic name entry element |
Management |
| General subdivision |
Employee participation |
| Form subdivision |
Handbooks, manuals, etc. |
| 9 (RLIN) |
12389 |
| 700 1# - ADDED ENTRY--PERSONAL NAME |
| Personal name |
Schuman, Sandy, |
| Dates associated with a name |
1951- |
| 9 (RLIN) |
12390 |
| 710 2# - ADDED ENTRY--CORPORATE NAME |
| Corporate name or jurisdiction name as entry element |
International Association of Facilitators. |
| 9 (RLIN) |
12391 |
| 856 41 - ELECTRONIC LOCATION AND ACCESS |
| Materials specified |
Table of contents only |
| Uniform Resource Identifier |
<a href="http://www.loc.gov/catdir/toc/ecip053/2004026722.html">http://www.loc.gov/catdir/toc/ecip053/2004026722.html</a> |
| 856 42 - ELECTRONIC LOCATION AND ACCESS |
| Materials specified |
Contributor biographical information |
| Uniform Resource Identifier |
<a href="http://www.loc.gov/catdir/enhancements/fy0617/2004026722-b.html">http://www.loc.gov/catdir/enhancements/fy0617/2004026722-b.html</a> |
| 856 42 - ELECTRONIC LOCATION AND ACCESS |
| Materials specified |
Publisher description |
| Uniform Resource Identifier |
<a href="http://www.loc.gov/catdir/enhancements/fy0617/2004026722-d.html">http://www.loc.gov/catdir/enhancements/fy0617/2004026722-d.html</a> |
| 906 ## - LOCAL DATA ELEMENT F, LDF (RLIN) |
| a |
7 |
| b |
cbc |
| c |
orignew |
| d |
1 |
| e |
ecip |
| f |
20 |
| g |
y-gencatlg |
| 942 ## - ADDED ENTRY ELEMENTS (KOHA) |
| Source of classification or shelving scheme |
|
| Koha item type |
Book |